LIBRARY & INFORMATION CENTRE, KCAET, TAVANUR

ONLINE PUBLIC ACCESS CATALOGUE (OPAC)

Text book of engineering chemistry / (Record no. 11344)

MARC details
000 -LEADER
fixed length control field 00459cam a2200181ua 4500
020 ## - INTERNATIONAL STANDARD BOOK NUMBER
ISBN 81-219-0359-9
041 ## - LANGUAGE CODE
Language code of text/sound track or separate title eng
082 ## - DEWEY DECIMAL CLASSIFICATION NUMBER
Classification number 540.0162
Item number DAR/TE
100 ## - MAIN ENTRY--AUTHOR NAME
Personal name Dara, S S.
245 ## - TITLE STATEMENT
Title Text book of engineering chemistry /
260 ## - PUBLICATION, DISTRIBUTION, ETC. (IMPRINT)
Place of publication New Delhi :
Name of publisher S.Chand and Co ,
Year of publication 2005.
300 ## - PHYSICAL DESCRIPTION
Number of Pages 762 ; .
942 ## - ADDED ENTRY ELEMENTS (KOHA)
Koha item type Books
Holdings
Withdrawn status Lost status Damaged status Home library Current library Date acquired Full call number Accession Number Koha item type
      KAUAET KAUAET 07/04/2012 540.0162 DAR/TE 19400 Books
      KAUAET KAUAET 07/04/2012 540.0162 DAR/TE 20916 Books
free website counter